00277nam a2200121Ia 45000030006000000080041000060400015000471000021000622450034000832600009001175460012001260050017001380STCL150530s9999 xx 000 0 und d aSTCLcSTCL aChopra, B.S.K.S. aBusiness environment in India c1989 aEnglish20220125170603.0